000 00676 a2200205 4500
020 _a1596930004
040 _aDLC
_bDLC
082 0 0 _a384.5/34
100 1 _aLau, Richard,
245 1 0 _aService assurance for voice over WiFi and 3G networks
_cRichard Lau, Ram Khare, William Y. Chang.
260 _aBoston :
_bArtech House,
_c2005.
300 _axxi, 415 p. :
_bill. ;
_c23 cm.
440 0 _aArtech House telecommunications library
650 0 _aInternet telephony
_xQuality control.
650 0 _aCellular telephone systems
_xQuality control.
650 0 _aIEEE 802.11 (Standard)
700 1 _aKhare, Ram.
700 1 _aChang, William Y.
942 _cBK
_k621.38212 LAU
_2ddc
999 _c8182
_d8182